Kings Dominion Roller Coasters - Statistics

General Stats
  • This quiz has been taken 65 times
  • The average score is 10 of 13
Answer Stats
Height Year Built Name % Correct
305 ft 2010 Project 305
96%
111 ft 2018 Twisted Timbers
91%
157 ft 2008 Dominator
87%
74 ft 1996 Flight of Fear
83%
128 ft 1991 Anaconda
81%
87 ft 1982 Grizzly
81%
8 ft 1997 Great Pumpkin Coaster
72%
52 ft 2002 Apple Zapple
70%
46 ft 2006 Backlot Stunt Coaster
70%
85 ft 1975 Racer 75
70%
35 ft 1974 Woodstock Express
68%
112 ft 2022 Tumbili
66%
69 ft 1988 Reptilian
60%
No matching quizzes found
Score Distribution
Percent of People with Each Score
Percentile by Number Answered
Your Score History
You have not taken this quiz